000 00461nam a2200169Ia 4500
008 131103s9999 xx 000 0 und d
040 _aLoreto College
041 _aEnglish
082 _a370.942/DAW
_bLCBkB/384
100 _aDawson, Christopher
245 4 _aThe crisis of western education
_cChristopher Dawson
260 _aLondon
_bSheed and Ward
_c1961
300 _a246p.
_c 22cm.
650 _aEducation
850 _aLCBkB/370.942/DAW
942 _cBK
999 _c35029
_d85508